000 00315nam a22001337a 4500
003 SGT
082 _a617.63
_bI14N
100 _aKASSAL, JAYASHREE
245 _aFAILURES IN DENTAL IMPLANTS
260 _aDELHI NCR
_bSGT UNIVERSITY GURUGRAM
_c2014
300 _a1-120
650 _aORAL MEDICINE
942 _2ddc
_cTH
999 _c18948
_d18948